La democracia y el poder militar : (Record no. 2530)

000 -CABECERA
fixed length control field 01054nam a22002537a 4500
003 - IDENTIFICADOR DEL NÚMERO DE CONTROL
control field AR-CdUCM
008 - DATOS DE LONGITUD FIJA--INFORMACIÓN GENERAL
fixed length control field 190304b ||||| |||| 00| 0 spa d
040 ## - FUENTE DE LA CATALOGACIÓN
Agencia/entidad que catalogó originalmente la obra MUNICIPALIDAD PROVINCIAL DEL CUSCO
Entidad que transcribió la catalogación BIBLIOTECA MUNICIPAL DEL CUSCO
082 ## - NÚMERO DE LA CLASIFICACIÓN DECIMAL DEWEY
No. de la edición 2ed.
No. de Clasificación 343.273 /
Notacion interna S61
100 ## - ENTRADA PRINCIPAL--NOMBRE DE PERSONA
Nombre Personal Smith, Louis
245 ## - MENCIÓN DE TÍTULO
Título La democracia y el poder militar :
Resto del título Un estudio del control civil sobre el poder militar en los Estado Unidos /
260 ## - PUBLICACIÓN, DISTRIBUCIÓN, ETC.
Lugar de publicación, distribución, etc. Buenos Aires :
Nombre de la editorial, distribuidor, etc. Bibliográfica Argentina,
Fecha de publicación, distribución, etc. 1965.
300 ## - DESCRIPCIÓN FÍSICA
Nº de Páginas Extensión 415 paginas ;
Dimensiones 20 cm.
440 ## - MENCIÓN DE SERIE/PUNTO DE ACCESO ADICIONAL--TÍTULO
Título Colección América en letras
Número de la parte/sección de una obra 7
9 (RLIN) 8971
505 ## - NOTA DE CONTENIDO CON FORMATO
Nota de contenido formateada El problema del control civil del poder militar -- La tradición norteamericana del dominio civil -- La presidencia y el control civil del poder militar -- La presidencia y la administración de la defensa nacional ...
650 ## - PUNTO DE ACCESO ADICIONAL DE MATERIA--TÉRMINO DE MATERIA
Descriptor Democracia
9 (RLIN) 2598
650 ## - PUNTO DE ACCESO ADICIONAL DE MATERIA--TÉRMINO DE MATERIA
Descriptor Militarismo
9 (RLIN) 5662
650 ## - PUNTO DE ACCESO ADICIONAL DE MATERIA--TÉRMINO DE MATERIA
Descriptor Defensa nacional
9 (RLIN) 8972
650 ## - PUNTO DE ACCESO ADICIONAL DE MATERIA--TÉRMINO DE MATERIA
Descriptor Estados Unidos
9 (RLIN) 1805
700 ## - PUNTO DE ACCESO ADICIONAL--NOMBRE DE PERSONA
Nombre Personal Demarco, Fernando
9 (RLIN) 8973
942 ## - ELEMENTOS DE PUNTO DE ACCESO ADICIONAL (KOHA)
Fuente de clasificación
Tipo de item Libros-BMC
945 ## - PROCESAMIENTO DE INFORMACIÓN LOCAL (OCLC)
Catalogador acv
Holdings
Estado de retiro (separado) Fuente de clasificación o esquema de estanterías Estado dañado Ubicación Sala donde se ubica Nombre de la colección Fecha de adquisición o compra Costo, precio normal en soles Signatura topográfica Código de Barras Última vez visto (Koha) Tipo de ítem (Koha)
No     Sala Humanidades Sala Humanidades Book Cart 2019-03-04 30.00 343.273 / S61 SH0000002689 2019-03-04 Libros-BMC
No     Sala Humanidades Sala Humanidades Book Cart 2019-03-12 30.00 343.273 / S61 /e.2 SH0000005963 2019-03-12 Libros-BMC

Powered by Koha